Memòria sobre el Pla d'Ocupació Comunitària a Catalunya : 1981-1982 / Generalitat de Catalunya, Departament de Treball, Direcció General d'Ocupació, Servei d'Atenció i Valoració de l'Atur 1981-1982 / Generalitat de Catalunya, Departament de Treball, Direcció General d'Ocupació, Servei d'Atenció i Valoració de l'Atur

per Pla d'Ocupació Comunitària

Publicat: Barcelona : [la Direcció General] , 1982
Descripció física: 91 p. : il., col. ; 30 cm

MARC

LEADER 00000nam a2200000Ia 4500
001 1303
008 160829s1982 xx 000 0 cat d
080 |a M-3-202 
100 |a Pla d'Ocupació Comunitària  |9 25264 
245 |a Memòria sobre el Pla d'Ocupació Comunitària a Catalunya :  |b  1981-1982 / Generalitat de Catalunya, Departament de Treball, Direcció General d'Ocupació, Servei d'Atenció i Valoració de l'Atur 
260 |a Barcelona :  |b [la Direcció General],  |c 1982 
300 |a 91 p. :  |b  il., col. ;  |c 30 cm 
650 |a Pla d'Ocupació Comunitària  |x Informes   |9 25265 
650 |a Catalunya  |x Política laboral   |9 25269 
650 |a Atur  |x Catalunya  |9 25266 
700 |a Catalunya. Servei d'Atenció i Valoració de l'Atur  |9 25270 
901 |a Arxiu 
942 |n 1 
952 |0 0  |1 0  |4 0  |6 M3202  |7 1  |9 43529  |a Arxiu  |b Arxiu  |d 2016-12-01  |l 0  |o M-3-202  |p 1303  |r 2016-12-01 00:00:00  |w 2016-12-01  |y ARXIU 
999 |c 46075  |d 46075